Genocidio franquista en valencia [dvd] : charla con amparo salvador /
Guardado en:
| Otros Autores: | |
|---|---|
| Formato: | Libro |
| Publicado: |
Barcelona :
Alquimia, [2008?]
|
| Materias: | |
| Etiquetas: |
Agregar Etiqueta
Sin Etiquetas, Sea el primero en etiquetar este registro!
|
| LEADER | 00644nam a22001935a 4500 | ||
|---|---|---|---|
| 001 | EHU.bham040307 | ||
| 003 | AR-BHAM | ||
| 005 | 20091106171416.0 | ||
| 008 | 130507b######################000#0#####d | ||
| 082 | 9 | 4 | |a 946.082 |
| 245 | 0 | 0 | |a Genocidio franquista en valencia [dvd] : |b charla con amparo salvador / |c Facultad De Ciencias De La Comunicación Blanquerna : |
| 260 | |a Barcelona : |b Alquimia, [2008?] | ||
| 300 | |a 1 DVD | ||
| 500 | |a Documental | ||
| 653 | |a Historia de españa | ||
| 653 | |a Franquismo | ||
| 653 | |a Derechos humanos | ||
| 700 | 1 | |a López Izquierdo, Daniel | |
| 859 | |a AR-BHAM |b BIB. HUMANIDADES - CDs y DVDs |h 946.082 |i G288 |p 19.006 |t Ej.1 |v DVD | ||
